Kadra Walii Na Euro 2020 - Statystyki

Ogólne statystyki
  • Ten quiz został rozwiązany 24 razy
  • Średni wynik to 12 z 26
Statystyki odpowiedzi
Hint Odpowiedź % Poprawnych
Napastnik Bale
100%
Pomocnik Ramsey
85%
Bramkarz Hennessey
80%
Pomocnik James
80%
Napastnik Moore
80%
Bramkarz Ward
80%
Obrońca Williams
80%
Pomocnik Williams
80%
Pomocnik Allen
70%
Bramkarz Davies
65%
Obrońca Davies
65%
Obrońca Ampadu
55%
Obrońca Roberts
45%
Napastnik Roberts
45%
Obrońca Rodon
45%
Pomocnik Wilson
40%
Obrońca Mepham
30%
Pomocnik Brooks
25%
Obrońca Gunter
25%
Pomocnik Morrell
15%
Obrońca Cabango
10%
Pomocnik Colwill
10%
Pomocnik Smith
10%
Pomocnik Levitt
5%
Obrońca Lockyer
5%
Obrońca Norrington Davies
5%
Nie znaleziono quizów pasujących do podanych kryteriów
Rozkład punktacji
Procent ludzi z każdym wynikiem
Percentyl według liczby udzielonych odpowiedzi
Twoja historia wyników
Nie rozwiązałeś tego quizu